000 01302nmm a2200481 a 4500
003 AR-BaBNM
005 20251128203903.0
008 207019s1948 ||||||||||||||000 | spa||
040 _cAR-BaBNM
100 1 _aDurant, Will
245 1 0 _aCésar y Cristo
_bhistoria de la civilización romana y del cristianismo desde sus comienzos hasta el año 325 D.de C. 1
250 _a1ª ed.
260 _aBuenos Aires
_bSudamericana
_c1948
300 _a627 p.
_bláms.
500 _aEl índice se encuentra en el segundo tomo p. 595-598
600 0 4 _aAníbal
600 0 4 _aEscipión
600 1 4 _aCicerón, Marco Tulio
600 0 4 _aAugusto
_d63 a.C.-14 d.C.
600 0 4 _aEspartaco
600 0 4 _aCayo Graco
600 0 4 _aTiberio
600 1 4 _aCésar, Cayo Julio
600 1 4 _aHoracio Flaco, Quinto
600 1 4 _aVirgilio Marón, Publio
600 0 4 _aTito
600 0 4 _aClaudio
_d10 a.C.-54 d.C.
600 0 4 _aNerón
650 4 _aGUERRA
650 4 _aSOCIEDAD
650 4 _aECONOMIA
650 4 _aFILOSOFIA
650 4 _aRELIGION
650 4 _aLITERATURA
650 4 _aHISTORIA DE LAS CIENCIAS
650 4 _aARQUITECTURA
650 4 _aTRANSPORTE
650 4 _aPINTURA
651 4 _aItalia
700 1 _aTobío, Luis
_etraductor
942 _cBK
998 _cmariana
999 _c5337
_d5337